LIBRARY & INFORMATION CENTRE, KCAET, TAVANUR

ONLINE PUBLIC ACCESS CATALOGUE (OPAC)

Selected Poems of Byron / (Record no. 5859)

MARC details
000 -LEADER
fixed length control field 00300cam a2200121ua 4500
082 ## - DEWEY DECIMAL CLASSIFICATION NUMBER
Classification number 821
Item number BYR/SE
100 ## - MAIN ENTRY--AUTHOR NAME
Personal name Byron, .
245 ## - TITLE STATEMENT
Title Selected Poems of Byron /
260 ## - PUBLICATION, DISTRIBUTION, ETC. (IMPRINT)
Place of publication London :
Name of publisher Oxford University Press ,
Year of publication 1960.
300 ## - PHYSICAL DESCRIPTION
Number of Pages 436 ; .
490 0# - SERIES STATEMENT
Series statement The World`s Classics,
942 ## - ADDED ENTRY ELEMENTS (KOHA)
Koha item type Books
Holdings
Withdrawn status Lost status Damaged status Home library Current library Date acquired Full call number Accession Number Koha item type
Withdrawn     KAUAET KAUAET 07/04/2012 821 5048 Books
free website counter